00498 2200193 4500245005700000020002200057250001100079100002100090700002200111700002000133650002100153650002400174005001900198260002600217041001400243084001000257300002800267336000900295 aKedahsyatan Mindful LearningcLanger, Ellen J.hText a978-979-015-464-3 aCet. 1 aLanger, Ellen J. aWisnu T. Hanggoro aDaniel P. Purba aMindful Learning aMetode Pembelajaran a20230904083440 aJakartabEsensic2006 aIndonesia a371.3 axii, 167 hlm. :c22 cm. atext